00479nam a2200181 a 450000100060000000300090000600800410001502000150005604000280007108200160009910000250011524500180014026000380015830000110019649000470020765000210025465000220027523227CO-ViMGA141112s2004 ck r 000 u spa d a9584209795 aCO-ViMGAbspacCO-ViMGA04aA863.6 B46d1 aBioy Casares, Adolfo10aDormir al sol aColombia : bEspasa Calpe, c2006 a190 p. aBiblioteca HispanoAméricana del Siglo XX14aFamilia - novela14aNovela Argentina